[Event "Stonehenge"]
[Site "SchemingMind.com"]
[Date "2022.12.23"]
[Round "-"]
[White "Laci"]
[Black "Arnold Jones"]
[Result "1-0"]
[WhiteCountry "HUN"]
[BlackCountry "ENG"]
[WhiteElo "2318"]
[WhiteRD "116"]
[BlackElo "1556"]
[BlackRD "60"]
[GameID "729563"]

1. e4 b6 2. d4 Nf6 3. Nc3 Bb7 4. Bd3 d5 5. e5 Ne4 6. Nce2 e6 7. f3 Nf2 8. Kxf2 c5 9. c3 c4 10. Bc2 b5
11. Nh3 h6 12. b3 Qh4+ 13. g3 Qxh3 14. Nf4 Qf5 15. Bxf5 exf5 16. Re1 g5 17. Nh5 Kd8 18. e6 Be7 19. exf7 Rf8 20. Qe2 Rxf7
21. Qe6 Ke8 22. Qg6 Nd7 23. Ba3 Kd8 24. Qxf7 Bxa3 25. Re8+ Kc7 26. Nf6 Rxe8 27. Qxd7+ Kb8 28. Qxe8+ Kc7 29. Qxb5 Bb2 30. Re1 Bc6
31. Nxd5+ Bxd5 32. Re7+
1-0

[Event "Stonehenge"]
[Site "SchemingMind.com"]
[Date "2022.12.23"]
[Round "-"]
[White "Randy Bahr"]
[Black "Laci"]
[Result "0-1"]
[WhiteCountry "USA"]
[BlackCountry "HUN"]
[WhiteElo "1868"]
[WhiteRD "86"]
[BlackElo "2329"]
[BlackRD "117"]
[GameID "729564"]

1. d4 d5 2. c4 dxc4 3. Nf3 c6 4. e3 b5 5. a4 e6 6. b3 Bb4+ 7. Bd2 Bxd2+ 8. Nfxd2 cxb3 9. axb5 b2 10. Ra2 Ne7
11. Qb3 Bb7 12. Nc3 O-O 13. Nde4 cxb5 14. Qxb5 Bxe4 15. Nxe4 Nbc6 16. Qxb2 Rb8 17. Qc1 Nb4
0-1

[Event "Stonehenge"]
[Site "SchemingMind.com"]
[Date "2022.12.23"]
[Round "-"]
[White "Laci"]
[Black "Randy Bahr"]
[Result "1-0"]
[WhiteCountry "HUN"]
[BlackCountry "USA"]
[WhiteElo "2329"]
[WhiteRD "117"]
[BlackElo "1868"]
[BlackRD "86"]
[GameID "729565"]

1. e4 c6 2. d4 d5 3. e5 c5 4. dxc5 Nc6 5. Bb5 e6 6. Be3 Ne7 7. c3 Bd7 8. Bxc6 Bxc6 9. Nf3 Nf5 10. Bd4 a5
11. O-O Be7 12. b4 axb4 13. cxb4 Nxd4 14. Nxd4 Qc7 15. Qe2 O-O 16. Nc3 Kh8 17. a4
1-0

[Event "Stonehenge"]
[Site "SchemingMind.com"]
[Date "2022.12.23"]
[Round "-"]
[White "Robert Bruce"]
[Black "Robert Hatfield"]
[Result "1-0"]
[WhiteCountry "SCO"]
[BlackCountry "USA"]
[WhiteElo "2372"]
[WhiteRD "70"]
[BlackElo "1821"]
[BlackRD "64"]
[GameID "729575"]

1. e4 e6 2. Qe2 c5 3. Nf3 Nc6 4. c3 d5 5. d3 e5 6. g3 d4 7. Bg2 Nf6 8. O-O h6 9. Na3 Be6 10. Ne1 Bd6
11. f4 Bg4 12. Qc2 Bd7 13. Nc4 Bc7 14. fxe5 Nxe5 15. Nxe5 Bxe5 16. Nf3 Qc7 17. Nxe5 Qxe5 18. Bf4 Qe6 19. cxd4 cxd4 20. Qc5 Bc6
21. Rac1 Rd8 22. Bc7 Rd7 23. Rf5 Rxc7 24. Re5 Kd7 25. Rxe6
1-0

[Event "Stonehenge"]
[Site "SchemingMind.com"]
[Date "2022.12.23"]
[Round "-"]
[White "Robert Hatfield"]
[Black "Robert Bruce"]
[Result "0-1"]
[WhiteCountry "USA"]
[BlackCountry "SCO"]
[WhiteElo "1821"]
[WhiteRD "64"]
[BlackElo "2372"]
[BlackRD "70"]
[GameID "729576"]

1. c4 c5 2. Nf3 Nc6 3. Nc3 Nd4 4. e3 Nxf3+ 5. Qxf3 g6 6. d4 Bg7 7. dxc5 Bxc3+ 8. bxc3 Qa5 9. e4 Qxc5 10. Be3 Qc7
11. c5 Nf6 12. Bc4 b6 13. e5 Bb7 14. Qf4 Nd5 15. Bxd5 Bxd5 16. O-O O-O 17. Rad1 Bxa2 18. Rd2 Be6 19. Qb4 a5 20. Qa3 b5
21. Bd4 Qc6 22. f4 Rfb8 23. Qc1 b4 24. f5 Bxf5 25. Rxf5 gxf5 26. e6 Qxe6 27. Rd3 b3 28. Rg3+ Kf8 29. Bg7+ Ke8
0-1

[Event "Stonehenge"]
[Site "SchemingMind.com"]
[Date "2022.12.23"]
[Round "-"]
[White "William Lindberg"]
[Black "Robert Hatfield"]
[Result "1-0"]
[WhiteCountry "USA"]
[BlackCountry "USA"]
[WhiteElo "2432"]
[WhiteRD "68"]
[BlackElo "1821"]
[BlackRD "64"]
[GameID "729577"]

1. e4 e6 2. d4 d5 3. e5 c5 4. c3 Qb6 5. Nf3 Nc6 6. a3 c4 7. Be2 Na5 8. Nbd2 Ne7 9. O-O Bd7 10. Re1 Nf5
11. h3 Be7 12. Rb1 O-O 13. g4 Nh4 14. Nxh4 Bxh4 15. g5 Bxg5 16. Nxc4 dxc4 17. Bxg5 h6 18. Be7 Rfc8 19. Bh5 Bc6 20. Qg4 Be8
21. Bf6 g6 22. Qh4 Kh7 23. Re4 Qc6 24. Bxg6+ fxg6 25. Qxh6+ Kxh6 26. Rh4#
1-0

[Event "Stonehenge"]
[Site "SchemingMind.com"]
[Date "2022.12.23"]
[Round "-"]
[White "Robert Hatfield"]
[Black "William Lindberg"]
[Result "0-1"]
[WhiteCountry "USA"]
[BlackCountry "USA"]
[WhiteElo "1821"]
[WhiteRD "64"]
[BlackElo "2432"]
[BlackRD "68"]
[GameID "729578"]

1. c4 c5 2. Nf3 Nc6 3. Nc3 e6 4. g3 Nf6 5. Bg2 d5 6. cxd5 exd5 7. d4 c4 8. O-O Be7 9. Ne5 O-O 10. b3 cxb3
11. axb3 Nb4 12. Bf4 Bf5 13. Bd2 a6 14. Rc1 h6 15. Na4 Rc8 16. Rxc8 Qxc8 17. Nc3 Qe6 18. Re1 Rd8 19. Nd3 Qb6 20. Nxb4 Bxb4
21. e3 Bxc3 22. Bxc3 Rc8 23. Bb2 Rc2 24. Ba3 Qxb3
0-1

[Event "Stonehenge"]
[Site "SchemingMind.com"]
[Date "2022.12.23"]
[Round "-"]
[White "Robert Hatfield"]
[Black "Matthew Bailey"]
[Result "0-1"]
[WhiteCountry "USA"]
[BlackCountry "ENG"]
[WhiteElo "1850"]
[WhiteRD "67"]
[BlackElo "2586"]
[BlackRD "75"]
[GameID "729581"]

1. c4 e6 2. d4 Nf6 3. Nc3 Bb4 4. a3 Bxc3+ 5. bxc3 c5 6. f3 Nc6 7. e4 d6 8. Be3 b6 9. Bd3 O-O 10. Qe2 Na5
11. Nh3 e5 12. d5 Bxh3 13. gxh3 Nh5 14. Kd2 Nb3+
0-1

[Event "Stonehenge"]
[Site "SchemingMind.com"]
[Date "2022.12.23"]
[Round "-"]
[White "Matthew Bailey"]
[Black "Robert Hatfield"]
[Result "1-0"]
[WhiteCountry "ENG"]
[BlackCountry "USA"]
[WhiteElo "2586"]
[WhiteRD "75"]
[BlackElo "1850"]
[BlackRD "67"]
[GameID "729582"]

1. c4 e5 2. Nc3 Nf6 3. g3 d5 4. cxd5 Nxd5 5. Bg2 Nb6 6. e3 Nc6 7. Nge2 Be7 8. O-O Bg4 9. h3 Be6 10. d4 exd4
11. exd4 Nd5 12. Bxd5 Bxd5 13. Re1 O-O 14. Nf4
1-0

[Event "Stonehenge"]
[Site "SchemingMind.com"]
[Date "2022.12.23"]
[Round "-"]
[White "Robert Hatfield"]
[Black "Arnold Jones"]
[Result "1-0"]
[WhiteCountry "USA"]
[BlackCountry "ENG"]
[WhiteElo "1821"]
[WhiteRD "64"]
[BlackElo "1540"]
[BlackRD "63"]
[GameID "729583"]

1. c4 f5 2. Nc3 Nf6 3. d4 d6 4. Bg5 Nbd7 5. e3 h6 6. Bxf6 Nxf6 7. Be2 g5 8. Bh5+ Nxh5 9. Qxh5+ Kd7 10. Qf7 c6
11. Qxf5+ e6 12. Qc2 Bg7 13. Nge2 b6 14. O-O Kc7 15. b4 Bb7 16. a4 Qe8 17. Rab1 h5 18. c5 d5 19. b5 Qe7 20. Rfc1 Raf8
21. cxb6+ axb6 22. bxc6 Bxc6 23. Nxd5+ exd5 24. Qxc6+ Kd8 25. Qc8#
1-0

[Event "Stonehenge"]
[Site "SchemingMind.com"]
[Date "2022.12.23"]
[Round "-"]
[White "Arnold Jones"]
[Black "Robert Hatfield"]
[Result "0-1"]
[WhiteCountry "ENG"]
[BlackCountry "USA"]
[WhiteElo "1540"]
[WhiteRD "63"]
[BlackElo "1821"]
[BlackRD "64"]
[GameID "729584"]

1. b3 e5 2. Bb2 Nc6 3. Nf3 e4 4. Nd4 Nf6 5. Nf5 d5 6. Bxf6 Qxf6 7. Nc3 Qxf5 8. a3 Be7 9. e3 O-O 10. Nb5 Bd6
11. d4 a6 12. Nxd6 cxd6 13. c3 Qg6 14. Qd2 Be6 15. O-O-O Na5 16. Kb2 Nc6 17. Rb1 b5 18. h3 Rfb8 19. Kc2 a5 20. g3 b4
21. a4 bxc3 22. Qxc3 Nb4+ 23. Kb2 Rc8 24. Qe1 Rc2+
0-1

[Event "Stonehenge"]
[Site "SchemingMind.com"]
[Date "2022.12.23"]
[Round "-"]
[White "Robert Hatfield"]
[Black "Randy Bahr"]
[Result "1-0"]
[WhiteCountry "USA"]
[BlackCountry "USA"]
[WhiteElo "1821"]
[WhiteRD "64"]
[BlackElo "1876"]
[BlackRD "76"]
[GameID "729585"]

1. c4 e5 2. Nc3 Bb4 3. Nd5 Ba5 4. b4 c6 5. bxa5 cxd5 6. cxd5 Nf6 7. Qa4 O-O 8. e4 d6 9. Ba3 Bd7 10. Qb4 Na6
11. Bxa6 bxa6 12. Ne2 Bb5 13. Qxd6 Re8 14. Qxd8 Raxd8 15. f3 Rc8 16. Nc3 Bd3 17. Kf2 Rc4 18. Ke3 Bc2 19. Rhc1 Ba4 20. Nxa4 Rxa4
21. Rc3 Rxa5 22. Rac1 g6 23. R1c2 Kg7 24. Bc5 Rb8 25. Bd6 Re8 26. Rc7 g5 27. g4 h5 28. h3 h4 29. Rxa7 Ng8 30. d3 Ra4
31. a3 Ra5 32. Rcc7 Nh6 33. Re7 Rxe7 34. Bxe7 Kg6 35. d6
1-0

[Event "Stonehenge"]
[Site "SchemingMind.com"]
[Date "2022.12.23"]
[Round "-"]
[White "Randy Bahr"]
[Black "Robert Hatfield"]
[Result "1-0"]
[WhiteCountry "USA"]
[BlackCountry "USA"]
[WhiteElo "1876"]
[WhiteRD "76"]
[BlackElo "1821"]
[BlackRD "64"]
[GameID "729586"]

1. d4 Nf6 2. c4 e6 3. Nf3 b6 4. Nc3 Bb4 5. Bg5 Bb7 6. e3 Bxc3+ 7. bxc3 d6 8. Bd3 Nbd7 9. O-O h6 10. Bh4 g5
11. Bg3 Nh5 12. Nd2 Nxg3 13. fxg3 Qe7 14. Qh5 Nf6 15. Qe2 e5 16. Bf5 exd4 17. cxd4 Be4 18. Nxe4 Nxe4 19. Qf3 d5 20. Bxe4 dxe4
21. Qh5 Qe6 22. d5 Qg6 23. Qxg6 fxg6 24. Rf6 Rg8 25. Re6+ Kd7 26. Rxe4 Rac8 27. Rd4 Rce8 28. Kf2 Rgf8+ 29. Ke2 Kd6 30. Rad1 Kc5
31. a3 Rf6 32. e4 Re5 33. Ke3 Re7 34. Re1 Re5= 35. Rc1 Re7 36. Rd2 Rff7 37. Kd3 Rf6 38. Re2 Re5 39. Kc3 Rf7 40. Rb1 a6
41. a4 c6 42. a5 cxd5 43. axb6 d4+ 44. Kd3 Rb7 45. Ra2 Rxb6 46. Ra5+
1-0

[Event "Stonehenge"]
[Site "SchemingMind.com"]
[Date "2022.12.23"]
[Round "-"]
[White "Robert Hatfield"]
[Black "Laci"]
[Result "0-1"]
[WhiteCountry "USA"]
[BlackCountry "HUN"]
[WhiteElo "1786"]
[WhiteRD "65"]
[BlackElo "2318"]
[BlackRD "116"]
[GameID "729587"]

1. c4 Nf6 2. Nc3 g6 3. e4 d6 4. d4 Bg7 5. f3 O-O 6. Nge2 c5 7. Be3 Nc6 8. Qd2 Qa5 9. d5 Ne5 10. Ng3 Nfd7
11. Rc1 b5 12. cxb5 a6 13. b6 Nxb6 14. Qc2 Bd7 15. Be2 Nec4 16. Bf2 Nxb2 17. Qxb2 Na4 18. Qb3 Rfb8 19. Qc2 Bxc3+ 20. Kf1 Rb2
21. Qd3 c4 22. Qe3 Bd2
0-1

[Event "Stonehenge"]
[Site "SchemingMind.com"]
[Date "2022.12.23"]
[Round "-"]
[White "Laci"]
[Black "Robert Hatfield"]
[Result "1-0"]
[WhiteCountry "HUN"]
[BlackCountry "USA"]
[WhiteElo "2318"]
[WhiteRD "116"]
[BlackElo "1786"]
[BlackRD "65"]
[GameID "729588"]

1. e4 e6 2. d4 d5 3. Nc3 Bb4 4. Qg4 Nf6 5. Qxg7 Rg8 6. Qh6 c5 7. a3 Rg6 8. Qh4 Qa5 9. Ne2 cxd4 10. e5 Nc6
11. Rb1 Bxc3+ 12. bxc3 Nxe5 13. Rb3 d3 14. Nf4 Qd8 15. Nxg6 Nxg6 16. Qh6 Qc7 17. Bxd3 Qe5+ 18. Be3 Ng4 19. Qxh7 Nxe3 20. fxe3 Qxe3+
21. Kd1 Qg5 22. Qg8+ Ke7 23. Rf1
1-0